Political economy / (Registro nro. 165184)

Detalles MARC
000 -LEADER
campo de control de longitud fija 01040nam a2200229 i 4500
001 - NÚMERO DE CONTROL
campo de control 165184
003 - IDENTIFICADOR DE NÚMERO DE CONTROL
campo de control ES-MaACL
005 - FECHA Y HORA DE LA ÚLTIMA TRANSACCIÓN
campo de control 20230906213100.0
008 - DATOS DE LONGITUD FIJA--INFORMACIÓN GENERAL
campo de control de longitud fija 050817s1850 xxk | |||||||| ||eng d
040 ## - FUENTE DE CATALOGACIÓN
Centro catalogador/agencia de origen CAM
Lengua de catalogación spa
Centro/agencia transcriptor CAM
100 1# - ENTRADA PRINCIPAL--NOMBRE DE PERSONA
Nombre de persona Senior, Nassau William.
9 (RLIN) 132648
245 10 - MENCIÓN DEL TÍTULO
Título Political economy /
Mención de responsabilidad, etc. [by Nassau William Senior].
250 ## - MENCION DE EDICION
Mención de edición 2ª ed. rev.
260 ## - PUBLICACIÓN, DISTRIBUCIÓN, ETC.
Lugar de publicación, distribución, etc. London :
Nombre del editor, distribuidor, etc. published by John Joseph Griffin & co. ;
Lugar de publicación, distribución, etc. Glasgow :
Nombre del editor, distribuidor, etc. Richard Griffin & co.,
Fecha de publicación, distribución, etc. 1850 (
Lugar de fabricación/manufactura Glasgow :
Fabricante Printed by Bell and Bain)
300 ## - DESCRIPCIÓN FÍSICA
Extensión VIII, 231 p. ;
Dimensiones 19 cm.
490 1# - MENCIÓN DE SERIE
Mención de serie Encyclopaedia metropolitana or System of Universal Knowledge. First Division, Pure Scieces
594 ## - Nota al título y mención de responsabilidad
Nota al título y mención de responsabilidad El autor consta en portadilla en pag. III.
650 #4 - PUNTO DE ACCESO ADICIONAL DE MATERIA--TÉRMINO DE MATERIA
Término de materia o nombre geográfico como elemento de entrada Política económica.
9 (RLIN) 16293
830 0# - PUNTO DE ACCESO ADICIONAL DE SERIE-TÍTULO UNIFORME
Título uniforme Encyclopaedia metropolitana or System of Universal Knowledge. First Division, Pure Scieces
9 (RLIN) 222442
852 ## - LOCALIZACIÓN
Ubicación ES-MaACL
Número de control de estantería C-3868
Nota libre -- Enc. editorial en tela
-- -- Precede a la port. 15 p. de publicidad de la Encyclopedia metropolitana
Existencias
Estatus retirado Estado de pérdida Estado de daño No para préstamo Colección Biblioteca de origen Biblioteca actual Ubicación en estantería Fecha de adquisición Fuente de adquisición Total de préstamos Signatura topográfica completa Código de barras Visto por última vez Precio de reemplazo Tipo de ítem Koha
        Libros del s. XIX Biblioteca del Ateneo de Madrid Biblioteca del Ateneo de Madrid Sala Palomar 17/01/2008     C-3868 1173209 23/02/2023 23/02/2023 Libro impreso antiguo